000 00505nam a2200181Ia 4500
005 20250423100808.0
008 250422s9999 xx 000 0 und d
020 _a9781032555591
050 _aTD 798 .R46/
100 _aMondal, Surajit.
245 0 _aRemediation of plastic and microplastic waste
260 _aBoca Raton
260 _bCRC Press
260 _c2024
300 _axix, 280p.: ill.
650 _aPlastic scrap--Environmental aspects. Plastics--Environmental aspects.
942 _cBK
999 _c34365
_d34365